000 00654nam a2200217 a 4500
001 57868
003 BD-RjUL
005 20211209080548.0
008 161212s1968 nyu b 000 0 eng
035 _a(BD-RjUL)57992
040 _aDLC
_cDLC
_dBD-RjUL
_beng
041 _aeng
082 0 0 _a320.09
_223
_bRUH 1968
100 1 _aRunkle, Gerald.
_9171887
245 1 2 _aA history of Western political theory /
_cGerald Runkle
260 _aNew York :
_bRonald Press Co.
_c1968
300 _axii, 668 p. ;
_c24 cm.
504 _aBibliographical references included in "Notes" (p. 587-652)
650 0 _aPolitical science
_xHistory.
_9171888
942 _2ddc
_cBK
999 _c57868
_d57868